[Event "DEN-chT 1213"]
[Site "Denmark"]
[Date "2013.01.12"]
[Round "4.6"]
[White "Klitgaard, Thomas"]
[Black "Hansen, Bjarne Guldberg"]
[Result "0-1"]
[WhiteElo "2186"]
[BlackElo "2260"]
[PlyCount "66"]
[EventDate "2012.10.27"]
[EventType "team-tourn"]
[EventRounds "9"]
[EventCountry "DEN"]
[SourceTitle "EXT 2014"]
[Source "ChessBase"]
[SourceDate "2013.11.20"]
[SourceVersion "1"]
[SourceVersionDate "2013.11.20"]
[SourceQuality "1"]
[WhiteTeam "Nordre"]
[BlackTeam "Copenhagen 68"]
[WhiteTeamCountry "DEN"]
[BlackTeamCountry "DEN"]

1. d4 c5 2. d5 e5 3. e4 d6 4. Nc3 a6 5. f4 exf4 6. Bxf4 Ne7 7. Nf3 Ng6 8. Bg3 Bg4 9. Qd2 Be7 10. Nd1 0-0 11. Nf2 Bxf3 12. gxf3 f5 13. exf5 Rxf5 14. f4 Nh4 15. 0-0-0 Rf8 16. Bh3 Nf5 17. Qd3 g6 18. Bxf5 Rxf5 19. Ng4 Bf8 20. Ne3 Rf7 21. h4 Qf6 22. h5 Bg7 23. c3 Nd7 24. Bh4 Qxf4 25. hxg6 hxg6 26. Rdf1 Ne5 27. Qe2 Qe4 28. Bg5 Nf3 29. Qg2 Raf8 30. Rh3 Nxg5 31. Rxf7 Qxg2 32. Rxf8+ Bxf8 33. Nxg2 Nxh3 0-1

[Event "DEN-chT 1112 50th"]
[Site "Denmark"]
[Date "2012.03.10"]
[Round "8.7"]
[White "Andreasen, Joan Hendrik"]
[Black "Hansen, Bjarne Guldberg"]
[Result "1/2-1/2"]
[WhiteElo "2256"]
[BlackElo "2235"]
[PlyCount "106"]
[EventDate "2011.10.29"]
[EventType "team-tourn"]
[EventRounds "9"]
[EventCountry "DEN"]
[SourceTitle "EXT 2013"]
[Source "ChessBase"]
[SourceDate "2012.11.22"]
[SourceVersion "1"]
[SourceVersionDate "2012.11.22"]
[SourceQuality "1"]
[WhiteTeam "Valby K41"]
[BlackTeam "Copenhagen 68"]
[WhiteTeamCountry "DEN"]
[BlackTeamCountry "DEN"]

1. d4 Nf6 2. c4 c5 3. d5 b5 4. Nf3 g6 5. cxb5 a6 6. b6 d6 7. Nc3 Nbd7 8. Nd2 Nxb6 9. e4 Bg7 10. a4 Rb8 11. Be2 0-0 12. 0-0 Bb7 13. Qc2 e6 14. a5 Na8 15. dxe6 fxe6 16. e5 dxe5 17. Nf3 Nd5 18. Rd1 Qc8 19. Na4 Nf4 20. Bxf4 exf4 21. Qxc5 Rf5 22. Qd6 Bf8 23. Qd4 Bd5 24. Rac1 Qe8 25. Nb6 Nxb6 26. axb6 Bg7 27. Qb4 Qf8 28. Qxf8+ Rfxf8 29. Bxa6 Rxb6 30. Bc4 Bxb2 31. Rc2 Bxc4 32. Rxc4 e5 33. Rd7 Re8 34. Ng5 Ba3 35. h4 Re7 36. Rd8+ Kg7 37. Rcc8 e4 38. Rh8 Kf6 39. Nxh7+ Ke5 40. Ng5 Rb1+ 41. Kh2 e3 42. fxe3 fxe3 43. Nf3+ Kd5 44. Rhd8+ Bd6+ 45. Kh3 e2 46. Rc3 Rd1 47. g3 Rf7 48. Re8 Be7 49. Re3 Rxf3 50. R3xe7 Rg1 51. Rxe2 Rgxg3+ 52. Kh2 Rh3+ 53. Kg2 Rhg3+ 1/2-1/2

[Event "DEN-chT 1112 50th"]
[Site "Denmark"]
[Date "2012.01.29"]
[Round "6.7"]
[White "Hagen, Kresten Skytte"]
[Black "Hansen, Bjarne Guldberg"]
[Result "1/2-1/2"]
[WhiteElo "2190"]
[BlackElo "2235"]
[PlyCount "136"]
[EventDate "2011.10.29"]
[EventType "team-tourn"]
[EventRounds "9"]
[EventCountry "DEN"]
[SourceTitle "EXT 2013"]
[Source "ChessBase"]
[SourceDate "2012.11.22"]
[SourceVersion "1"]
[SourceVersionDate "2012.11.22"]
[SourceQuality "1"]
[WhiteTeam "Aarhus/Skolerne"]
[BlackTeam "Copenhagen 68"]
[WhiteTeamCountry "DEN"]
[BlackTeamCountry "DEN"]

1. Nf3 Nf6 2. c4 c6 3. d4 d6 4. Nc3 Nbd7 5. e4 e5 6. Be2 Be7 7. 0-0 a6 8. Be3 0-0 9. d5 cxd5 10. cxd5 b5 11. b4 Nb6 12. Nd2 Bd7 13. f3 Qb8 14. Qb3 Bd8 15. f4 Na4 16. fxe5 Bb6 17. Nd1 dxe5 18. Kh1 Ne8 19. Rc1 Nd6 20. Bc5 Rc8 21. Qe3 f6 22. Nb3 Nc4 23. Qf2 a5 24. Bxb6 Naxb6 25. bxa5 Na4 26. Ne3 Nab2 27. Bxc4 Nxc4 28. Nxc4 Rxc4 29. Rxc4 bxc4 30. Nc5 Qc7 31. Rc1 Bb5 32. a4 Ba6 33. Nxa6 Rxa6 34. Qe2 Qxa5 35. Rxc4 Ra8 36. h3 Qb6 37. Qc2 Qe3 38. Rc8+ Rxc8 39. Qxc8+ Kf7 40. Qe6+ Kf8 41. Qf5 Qa3 42. Qc8+ Kf7 43. Qc7+ Kg6 44. Qc4 h5 45. Kh2 h4 46. Qe2 Qxa4 47. Qg4+ Kf7 48. Qxh4 Qd4 49. Qg4 Qd2 50. Qe6+ Kg6 51. Qf5+ Kf7 52. Qf3 Kf8 53. h4 Ke7 54. Qa3+ Ke8 55. Qf3 Kf8 56. Kh3 Kg8 57. Kg3 Kf7 58. Qh5+ Kf8 59. Qf5 Qe1+ 60. Kg4 Qe2+ 61. Qf3 Qd2 62. Kf5 Kf7 63. Qg3 Qc2 64. Qg6+ Kf8 65. Ke6 Qc7 66. d6 Qc4+ 67. Kd7 Qb5+ 68. Kc7 Qc5+ 1/2-1/2

[Event "DEN-chT 1112 50th"]
[Site "Denmark"]
[Date "2011.10.29"]
[Round "1.6"]
[White "Hansen, Bjarne Guldberg"]
[Black "Strandby, Martin"]
[Result "1-0"]
[WhiteElo "2235"]
[BlackElo "2214"]
[PlyCount "97"]
[EventDate "2011.10.29"]
[EventType "team-tourn"]
[EventRounds "9"]
[EventCountry "DEN"]
[SourceTitle "EXT 2012"]
[Source "ChessBase"]
[SourceDate "2011.11.24"]
[SourceVersion "1"]
[SourceVersionDate "2011.11.24"]
[SourceQuality "1"]
[WhiteTeam "Copenhagen 68"]
[BlackTeam "Sydostfyn"]
[WhiteTeamCountry "DEN"]
[BlackTeamCountry "DEN"]

1. d4 d6 2. Nf3 Bg4 3. c4 Bxf3 4. gxf3 g6 5. Qb3 b6 6. Bg2 c6 7. f4 Bg7 8. e3 Nh6 9. h4 Nf5 10. h5 e6 11. Nc3 Nh4 12. Be4 f5 13. Bd3 Nd7 14. Qa3 Bf8 15. Qa4 c5 16. dxc5 bxc5 17. Be2 Be7 18. Rh3 Rg8 19. hxg6 hxg6 20. Qc6 Rc8 21. Qb7 Rh8 22. Qh1 Kf7 23. b3 Bf6 24. Bb2 Qa5 25. Kd2 Rh6 26. Kc2 Rch8 27. Qb7 Ke7 28. Qb5 Qc7 29. Qa6 Qb6 30. Qxb6 axb6 31. Rah1 Nf8 32. Na4 Bxb2 33. Kxb2 Nd7 34. Bf3 e5 35. Bc6 Nf6 36. Nxb6 Ng4 37. Nd5+ Kd8 38. fxe5 Nxf2 39. e6 Nxh3 40. e7+ Kc8 41. Rxh3 g5 42. e8Q+ Rxe8 43. Bxe8 g4 44. Rh1 g3 45. Rh3 Kd8 46. Bf7 Rh7 47. Nf4 Rxf7 48. Rxh4 Ke7 49. a4 1-0

[Event "DEN-chT 1011 49th"]
[Site "Denmark"]
[Date "2011.01.30"]
[Round "6.6"]
[White "Hansen, Bjarne Guldberg"]
[Black "Hoiberg, Nina"]
[Result "1-0"]
[WhiteElo "2238"]
[BlackElo "2198"]
[PlyCount "79"]
[EventDate "2010.11.06"]
[EventType "team-tourn"]
[EventRounds "9"]
[EventCountry "DEN"]
[SourceTitle "EXT 2012"]
[Source "ChessBase"]
[SourceDate "2011.11.24"]
[SourceVersion "1"]
[SourceVersionDate "2011.11.24"]
[SourceQuality "1"]
[WhiteTeam "Copenhagen 68"]
[BlackTeam "Nordre"]
[WhiteTeamCountry "DEN"]
[BlackTeamCountry "DEN"]

1. d4 d6 2. Nf3 Bg4 3. c4 Nf6 4. Qb3 Qc8 5. g3 a5 6. Bg2 a4 7. Qc2 Bh3 8. 0-0 h5 9. Bxh3 Qxh3 10. Ng5 Qg4 11. Rd1 h4 12. f3 Qd7 13. Nc3 hxg3 14. hxg3 Nc6 15. Nb5 g6 16. e4 Bh6 17. e5 Nb4 18. Qe2 Bxg5 19. Bxg5 Nh5 20. g4 c6 21. Nxd6+ exd6 22. exd6+ Kf8 23. Qe7+ Qxe7 24. dxe7+ Kg7 25. gxh5 Rxh5 26. Bd2 Nc2 27. d5 f6 28. Rac1 Rah8 29. e8N+ Kf7 30. Nd6+ Ke7 31. Bf4 Nd4 32. Kg2 c5 33. Nxb7 g5 34. Bg3 Nf5 35. Re1+ Kf7 36. Nd6+ Nxd6 37. Bxd6 f5 38. Re7+ Kf6 39. Rce1 Ra8 40. R1e6# 1-0

[Event "DEN-chT 0910 48th"]
[Site "Denmark"]
[Date "2010.02.21"]
[Round "7.6"]
[White "Nielsen, Niels Peter"]
[Black "Hansen, Bjarne Guldberg"]
[Result "1/2-1/2"]
[WhiteElo "2184"]
[BlackElo "2248"]
[PlyCount "122"]
[EventDate "2009.11.07"]
[EventType "team-tourn"]
[EventRounds "9"]
[EventCountry "DEN"]
[SourceTitle "EXT 2023"]
[Source "ChessBase"]
[SourceDate "2022.10.05"]
[SourceVersion "1"]
[SourceVersionDate "2022.10.05"]
[SourceQuality "1"]
[WhiteTeam "Sydostfyn"]
[BlackTeam "Copenhagen 68"]
[WhiteTeamCountry "DEN"]
[BlackTeamCountry "DEN"]

1. e4 g6 2. d4 Bg7 3. Nc3 c6 4. Be2 d5 5. e5 h5 6. Nf3 Bg4 7. Ng5 Bxe2 8. Nxe2 e6 9. Qd3 Bh6 10. h4 Bf8 11. Nf4 Ne7 12. Bd2 Qb6 13. Bc3 Nf5 14. 0-0-0 Qa6 15. Kb1 Qxd3 16. Nxd3 Be7 17. g3 b6 18. Nf4 Na6 19. Be1 Nc7 20. c3 c5 21. Ng2 cxd4 22. cxd4 a5 23. Nf3 a4 24. a3 b5 25. Ne3 Nxe3 26. fxe3 0-0 27. Rc1 Rfc8 28. Bd2 Ne8 29. Rhe1 Ng7 30. e4 dxe4 31. Rxe4 Nf5 32. Be1 Rab8 33. g4 hxg4 34. Rxg4 Rxc1+ 35. Kxc1 Ne3 36. Rg1 Rc8+ 37. Kb1 Nc2 38. h5 Nxe1 39. Nxe1 Kg7 40. hxg6 fxg6 41. Nd3 g5 42. d5 exd5 43. Nf4 d4 44. Ne6+ Kg6 45. Nxd4 Rc5 46. Re1 b4 47. axb4 Rc4 48. Nc2 Bxb4 49. Nxb4 Rxb4 50. Ka2 Kf7 51. Ka3 Rd4 52. e6+ Ke7 53. Re5 g4 54. b4 axb3 55. Kxb3 Rd1 56. Kc2 Rd8 57. Rg5 Rd4 58. Kc3 Ra4 59. Rg6 g3 60. Kd3 Ra2 61. Ke3 Ra1 1/2-1/2

[Event "DEN-chT 0910 48th"]
[Site "Denmark"]
[Date "2010.01.10"]
[Round "5.5"]
[White "Rasmussen, Casper"]
[Black "Hansen, Bjarne Guldberg"]
[Result "1-0"]
[WhiteElo "2373"]
[BlackElo "2248"]
[PlyCount "107"]
[EventDate "2009.11.07"]
[EventType "team-tourn"]
[EventRounds "9"]
[EventCountry "DEN"]
[SourceTitle "EXT 2023"]
[Source "ChessBase"]
[SourceDate "2022.10.05"]
[SourceVersion "1"]
[SourceVersionDate "2022.10.05"]
[SourceQuality "1"]
[WhiteTeam "Copenhagen K41"]
[BlackTeam "Copenhagen 68"]
[WhiteTeamCountry "DEN"]
[BlackTeamCountry "DEN"]

1. Nf3 g6 2. c4 Bg7 3. d4 d6 4. g3 e5 5. dxe5 dxe5 6. Qxd8+ Kxd8 7. Nc3 Be6 8. Ng5 Bxc4 9. b3 h6 10. bxc4 hxg5 11. Bg2 c6 12. Ne4 Nh6 13. Bxg5+ Kc7 14. 0-0 Nd7 15. Rfd1 f6 16. Bd2 Bf8 17. Rab1 Nf5 18. Bc3 Be7 19. g4 Nd4 20. Bxd4 exd4 21. Rxd4 Ne5 22. c5 Rhd8 23. Nd6 b6 24. g5 f5 25. f4 Nf7 26. Rc4 Nxd6 27. cxd6+ Rxd6 28. Rbc1 Rad8 29. Rxc6+ Kd7 30. Bf3 Rxc6 31. Rxc6 Bd6 32. e3 Re8 33. Kf2 Rh8 34. Kg3 Re8 35. Kf2 Rh8 36. Kg3 Re8 37. Rc3 Bc5 38. Kf2 Rh8 39. Kg3 Re8 40. Bd5 Re7 41. Rd3 Rxe3+ 42. Rxe3 Bxe3 43. Bf7 Bd2 44. Bxg6 Ke6 45. h4 Be1+ 46. Kh3 Bd2 47. Kg3 Be1+ 48. Kh3 Bd2 49. h5 Bxf4 50. Kh4 a5 51. Be8 Ke7 52. Bb5 Bd2 53. h6 f4 54. g6 1-0

[Event "DEN-chT 0910 48th"]
[Site "Denmark"]
[Date "2009.12.06"]
[Round "3.4"]
[White "Hansen, Bjarne Guldberg"]
[Black "Baekgaard, Martin"]
[Result "1-0"]
[WhiteElo "2248"]
[BlackElo "2287"]
[PlyCount "53"]
[EventDate "2009.11.07"]
[EventType "team-tourn"]
[EventRounds "9"]
[EventCountry "DEN"]
[SourceTitle "EXT 2023"]
[Source "ChessBase"]
[SourceDate "2022.10.05"]
[SourceVersion "1"]
[SourceVersionDate "2022.10.05"]
[SourceQuality "1"]
[WhiteTeam "Copenhagen 68"]
[BlackTeam "Jetsmark"]
[WhiteTeamCountry "DEN"]
[BlackTeamCountry "DEN"]

1. d4 d5 2. c4 c6 3. Nf3 Nf6 4. Nc3 dxc4 5. a4 Bf5 6. Ne5 Nbd7 7. Nxc4 Nd5 8. g3 e5 9. Bg2 exd4 10. Qxd4 Qf6 11. Qxf6 N7xf6 12. Nxd5 cxd5 13. Ne3 Be4 14. 0-0 Bc5 15. Bxe4 dxe4 16. Nf5 0-0 17. Bg5 Ng4 18. h3 Ne5 19. Rac1 Rfc8 20. Be7 Bb6 21. Nd6 Rxc1 22. Rxc1 e3 23. Nxb7 exf2+ 24. Kg2 Nd7 25. a5 Bd4 26. Rd1 Re8 27. Ba3 1-0

[Event "DEN-chT 0506"]
[Site "Denmark"]
[Date "2006.03.05"]
[Round "7.6"]
[White "Rasmussen, Casper"]
[Black "Hansen, Bjarne Guldberg"]
[Result "1-0"]
[WhiteElo "2324"]
[BlackElo "2252"]
[PlyCount "75"]
[EventDate "2005.11.05"]
[EventType "team-tourn"]
[EventRounds "9"]
[EventCountry "DEN"]
[SourceTitle "EXT 2023"]
[Source "ChessBase"]
[SourceDate "2022.10.05"]
[SourceVersion "1"]
[SourceVersionDate "2022.10.05"]
[SourceQuality "1"]
[WhiteTeam "Skolerne"]
[BlackTeam "Copenhagen 68"]
[WhiteTeamCountry "DEN"]
[BlackTeamCountry "DEN"]

1. c4 g6 2. g3 Bg7 3. Bg2 e5 4. Nc3 d6 5. e4 Nc6 6. Nge2 Nh6 7. h4 Nd4 8. Nxd4 exd4 9. Ne2 Bg4 10. f3 Bd7 11. d3 Qe7 12. Qb3 Rb8 13. Nxd4 0-0 14. Ne2 b5 15. 0-0 bxc4 16. Qxc4 Bb5 17. Qc2 f5 18. Nc3 Ba6 19. Rd1 Qe5 20. Bf4 Qc5+ 21. Kh2 fxe4 22. dxe4 Rxf4 23. gxf4 Qh5 24. Qf2 Bf6 25. Rd5 Nf5 26. exf5 Bxh4 27. fxg6 Qh6 28. Qc2 c6 29. gxh7+ Kh8 30. Rf5 Rb7 31. Bh3 Rxh7 32. Qg2 Bc8 33. Rg1 Be6 34. Ne4 Rb7 35. Nxd6 Bf2 36. Nxb7 Bxg1+ 37. Kxg1 Bxf5 38. Bxf5 1-0

[Event "DEN-chT 0506"]
[Site "Denmark"]
[Date "2005.11.20"]
[Round "3.6"]
[White "Hansen, Bjarne Guldberg"]
[Black "Carstensen, Jacob"]
[Result "1/2-1/2"]
[WhiteElo "2253"]
[BlackElo "2303"]
[PlyCount "136"]
[EventDate "2005.11.05"]
[EventType "team-tourn"]
[EventRounds "9"]
[EventCountry "DEN"]
[SourceTitle "EXT 2023"]
[Source "ChessBase"]
[SourceDate "2022.10.05"]
[SourceVersion "1"]
[SourceVersionDate "2022.10.05"]
[SourceQuality "1"]
[WhiteTeam "Copenhagen 68"]
[BlackTeam "Bronshoj"]
[WhiteTeamCountry "DEN"]
[BlackTeamCountry "DEN"]

1. d4 d5 2. c4 dxc4 3. e4 c5 4. d5 Nf6 5. Nc3 b5 6. e5 b4 7. exf6 bxc3 8. bxc3 Nd7 9. fxe7 Bxe7 10. Bxc4 Nb6 11. Bb5+ Bd7 12. Bc6 Bxc6 13. dxc6 Qxd1+ 14. Kxd1 0-0 15. Kc2 Rac8 16. Nf3 Rxc6 17. Re1 Bf6 18. Re4 Re6 19. Rxe6 fxe6 20. Bd2 Nc4 21. Re1 Kf7 22. Re4 Nb6 23. Bg5 Rc8 24. Rh4 Kg6 25. Bxf6 gxf6 26. Rg4+ Kf7 27. Rh4 Kg6 28. Rg4+ Kf7 29. c4 Nd7 30. Rh4 Kg7 31. Rg4+ Kf7 32. Rh4 Kg7 33. Nd2 Ne5 34. Nb3 Rc6 35. a4 f5 36. Kc3 Ng6 37. Rh3 Nf4 38. Re3 Kf6 39. g3 Nh3 40. f3 f4 41. Rd3 Ke7 42. Rd1 Rc8 43. Nd2 h6 44. Rb1 Rc7 45. Rb8 fxg3 46. hxg3 Ng5 47. f4 Nf7 48. Ne4 Nd6 49. Nxd6 Kxd6 50. Rd8+ Kc6 51. Rg8 Rh7 52. Rg6 Kd7 53. Kd3 h5 54. Ke4 h4 55. gxh4 Rxh4 56. Rg7+ Kd6 57. Rxa7 Rh1 58. Ra6+ Ke7 59. Rc6 Re1+ 60. Kd3 Ra1 61. Rxc5 Rxa4 62. Rc7+ Kd6 63. Rf7 Ra1 64. Rf6 Rd1+ 65. Ke2 Rd4 66. f5 Ke5 67. Rxe6+ Kxf5 68. Rc6 Ke5 1/2-1/2

[Event "Aarhus CC 100 Anniv op"]
[Site "Aarhus"]
[Date "2003.08.31"]
[Round "3"]
[White "Nielsen, Anders Bodholt"]
[Black "Hansen, Bjarne Guldberg"]
[Result "1-0"]
[WhiteElo "2186"]
[BlackElo "2230"]
[PlyCount "124"]
[EventDate "2003.08.??"]
[EventType "swiss"]
[EventRounds "7"]
[EventCountry "DEN"]
[SourceTitle "EXT 2006"]
[Source "ChessBase"]
[SourceDate "2005.11.24"]
[SourceVersion "1"]
[SourceVersionDate "2005.11.24"]
[SourceQuality "1"]

1. d4 Nf6 2. c4 c5 3. d5 b5 4. Nf3 g6 5. Qc2 bxc4 6. e4 d6 7. Bxc4 Bg7 8. 0-0 0-0 9. Re1 Ng4 10. h3 Ne5 11. Nxe5 Bxe5 12. Be3 Qb6 13. Nc3 Ba6 14. Bxa6 Qxa6 15. Rad1 Nd7 16. f4 Bg7 17. Rd2 Rab8 18. Rde2 Qc4 19. Bd2 Bd4+ 20. Kh1 e6 21. b3 Qa6 22. f5 exf5 23. exf5 Nf6 24. Bf4 Nh5 25. Bh2 Ng7 26. Ne4 Nxf5 27. g4 Ne7 28. Bxd6 Nxd5 29. Bxb8 Rxb8 30. Ng3 Kg7 31. Qc4 Qxc4 32. bxc4 Nf4 33. Rh2 Rb4 34. Rf1 Be5 35. Rc2 Nxh3 36. Ne4 f5 37. gxf5 gxf5 38. Rxf5 Rb1+ 39. Kg2 Nf4+ 40. Kf3 Ng6 41. Rg5 Kh6 42. Kg4 Re1 43. Rh5+ Kg7 44. Nxc5 Re3 45. Rh3 Re1 46. Nd3 Rg1+ 47. Kf3 Rd1 48. Nxe5 Nxe5+ 49. Ke4 Nc6 50. Rg2+ Kf8 51. Rc2 Kg7 52. c5 Rd4+ 53. Ke3 Rd5 54. Rh4 h5 55. Re4 Kf6 56. Re8 Nb4 57. Rc4 Nc6 58. Rc8 Ne5 59. Rc3 Ng4+ 60. Kf3 Ne5+ 61. Ke4 Rd7 62. c6 Ke7 1-0

[Event "Aarhus CC 100 Anniv op"]
[Site "Aarhus"]
[Date "2003.08.30"]
[Round "2"]
[White "Hansen, Bjarne Guldberg"]
[Black "Nielsen, Steffen"]
[Result "1-0"]
[WhiteElo "2230"]
[BlackElo "2145"]
[PlyCount "91"]
[EventDate "2003.08.??"]
[EventType "swiss"]
[EventRounds "7"]
[EventCountry "DEN"]
[SourceTitle "EXT 2006"]
[Source "ChessBase"]
[SourceDate "2005.11.24"]
[SourceVersion "1"]
[SourceVersionDate "2005.11.24"]
[SourceQuality "1"]

1. d4 Nf6 2. c4 g6 3. Nc3 Bg7 4. e4 d6 5. Bd3 Nbd7 6. Nge2 0-0 7. 0-0 c5 8. d5 Ne5 9. h3 e6 10. dxe6 fxe6 11. f4 Nxd3 12. Qxd3 Qe7 13. Rd1 Rd8 14. e5 Ne8 15. Ne4 d5 16. N2c3 d4 17. Nb5 Bd7 18. Nbd6 Bc6 19. Bd2 Nxd6 20. Nxd6 b6 21. Rf1 Rxd6 22. exd6 Qxd6 23. Rae1 Rf8 24. b3 Bf6 25. Re2 Bb7 26. Be1 Rf7 27. Bg3 Qc6 28. Rd1 Re7 29. Qd2 Kg7 30. Qe1 Qd7 31. Rd3 Qc6 32. Bh4 Bxh4 33. Qxh4 Rf7 34. Qg5 Rf6 35. Qe5 Kf7 36. h4 h5 37. Qg5 Kg7 38. Rg3 Qd7 39. Qe5 Kf7 40. Rd2 Qc6 41. b4 Qe4 42. bxc5 bxc5 43. Rb2 Qc6 44. Qb8 Bc8 45. Qxa7+ Kg8 46. Qe7 1-0

[Event "Aarhus CC 100 Anniv op"]
[Site "Aarhus"]
[Date "2003.08.29"]
[Round "1"]
[White "Pedersen, Steffen"]
[Black "Hansen, Bjarne Guldberg"]
[Result "1-0"]
[WhiteElo "2416"]
[BlackElo "2230"]
[PlyCount "71"]
[EventDate "2003.08.??"]
[EventType "swiss"]
[EventRounds "7"]
[EventCountry "DEN"]
[SourceTitle "EXT 2006"]
[Source "ChessBase"]
[SourceDate "2005.11.24"]
[SourceVersion "1"]
[SourceVersionDate "2005.11.24"]
[SourceQuality "1"]

1. d4 Nf6 2. Nf3 d6 3. c4 Nbd7 4. Nc3 e5 5. e4 Be7 6. Be2 0-0 7. 0-0 c6 8. Be3 a6 9. d5 cxd5 10. cxd5 b5 11. Nd2 Nb6 12. a4 b4 13. a5 Nbd7 14. Na4 Rb8 15. Bd3 Ne8 16. f3 Bg5 17. Ba7 Rb7 18. Bf2 Nc7 19. Nb3 Nb5 20. Kh1 g6 21. Qc2 Rc7 22. Qe2 f5 23. exf5 gxf5 24. Nb6 Nxb6 25. axb6 Rg7 26. Bxb5 axb5 27. Ra8 Qe8 28. Na5 Qh5 29. Be3 Bxe3 30. Qxe3 Qg6 31. Qf2 f4 32. Rc1 Bb7 33. Rxf8+ Kxf8 34. Nxb7 Rxb7 35. h3 Qg3 36. Qc2 1-0

[Event "Birkerod hold1"]
[Site "Birkerod"]
[Date "2001.02.05"]
[Round "5"]
[White "Auchenberg, Per"]
[Black "Hansen, Bjarne Guldberg"]
[Result "1/2-1/2"]
[WhiteElo "2006"]
[BlackElo "2197"]
[PlyCount "39"]
[EventDate "2001.??.??"]
[EventType "team"]
[EventRounds "7"]
[EventCountry "DEN"]
[SourceTitle "EXT 2005"]
[Source "ChessBase"]
[SourceDate "2004.11.15"]
[SourceVersion "1"]
[SourceVersionDate "2004.11.15"]
[SourceQuality "1"]

1. Nf3 c5 2. c4 Nc6 3. g3 g6 4. Bg2 Bg7 5. 0-0 Nf6 6. Nc3 0-0 7. d3 d6 8. Bg5 Rb8 9. Rb1 b6 10. Qc1 Bb7 11. Bh6 e5 12. Bxg7 Kxg7 13. a3 Re8 14. e4 Bc8 15. b4 Bd7 16. Nb5 Be6 17. Nc3 Qe7 18. Rb2 a5 19. b5 Nd4 20. Nxd4 1/2-1/2

[Event "Aarhus-ch"]
[Site "Aarhus"]
[Date "2000.??.??"]
[Round "2"]
[White "Hansen, Bjarne Guldberg"]
[Black "Matthiesen, Martin"]
[Result "1-0"]
[WhiteElo "2194"]
[BlackElo "2337"]
[PlyCount "79"]
[EventDate "2000.02.??"]
[EventType "tourn"]
[EventRounds "7"]
[EventCountry "DEN"]
[SourceTitle "EXT 2001"]
[Source "ChessBase"]
[SourceDate "2000.11.22"]
[SourceVersion "1"]
[SourceVersionDate "2000.11.22"]
[SourceQuality "1"]

1. f4 c5 2. Nf3 g6 3. c4 Nf6 4. g3 Bg7 5. Bg2 0-0 6. Nc3 d5 7. Qb3 dxc4 8. Qxc4 Nfd7 9. Ng5 Na6 10. d3 h6 11. Nge4 Nb6 12. Qb3 Be6 13. Qd1 Nd5 14. Bd2 Bd4 15. Qc1 f5 16. Nf2 b6 17. e3 Bf6 18. e4 fxe4 19. Bxe4 Bf7 20. Ng4 Be6 21. f5 gxf5 22. Nxh6+ Kh8 23. Nxf5 Nab4 24. Qd1 Bf7 25. Nh6 e6 26. Nxf7+ Rxf7 27. a3 Nc6 28. Nxd5 exd5 29. Qh5+ Kg8 30. Bxd5 Ne5 31. Bxf7+ Nxf7 32. Qg6+ Bg7 33. Bc3 Qe7+ 34. Kd1 Ne5 35. Bxe5 Qxe5 36. Qe4 Qb8 37. Kc2 a5 38. Rhf1 Ra7 39. Rae1 Qd8 40. Rf5 1-0

[Event "Aarhus-ch"]
[Site "Aarhus"]
[Date "2000.??.??"]
[Round "1"]
[White "Hansen, Bjarne Guldberg"]
[Black "Sobjerg, Erik"]
[Result "0-1"]
[WhiteElo "2194"]
[BlackElo "2260"]
[PlyCount "80"]
[EventDate "2000.02.??"]
[EventType "tourn"]
[EventRounds "7"]
[EventCountry "DEN"]
[SourceTitle "EXT 2001"]
[Source "ChessBase"]
[SourceDate "2000.11.22"]
[SourceVersion "1"]
[SourceVersionDate "2000.11.22"]
[SourceQuality "1"]

1. b3 e5 2. Bb2 d6 3. e3 g6 4. d4 Bg7 5. dxe5 Nd7 6. c4 Nxe5 7. Nc3 Nf6 8. Be2 0-0 9. Nf3 c6 10. Qd2 Qa5 11. Rd1 Bg4 12. a3 Rad8 13. b4 Qc7 14. Qc1 Rfe8 15. Nxe5 dxe5 16. Bxg4 Nxg4 17. h3 Nh6 18. 0-0 Qe7 19. Rxd8 Rxd8 20. Rd1 f5 21. c5 Nf7 22. Rxd8+ Qxd8 23. Qd1 Qxd1+ 24. Nxd1 e4 25. Bxg7 Kxg7 26. Nb2 Ne5 27. Kf1 Kf6 28. Ke2 Ke6 29. Kd2 Kd5 30. Kc3 g5 31. Kb3 h5 32. Kc3 h4 33. Nd1 Nd3 34. f3 Ne1 35. Kd2 Nxg2 36. Ke2 exf3+ 37. Kxf3 Ne1+ 38. Ke2 Nc2 39. Nc3+ Kc4 40. e4 Kxc3 0-1

[Event "Aarhus-ch"]
[Site "Aarhus"]
[Date "2000.??.??"]
[Round "7"]
[White "Palo, Davor"]
[Black "Hansen, Bjarne Guldberg"]
[Result "1-0"]
[WhiteElo "2163"]
[BlackElo "2194"]
[PlyCount "127"]
[EventDate "2000.02.??"]
[EventType "tourn"]
[EventRounds "7"]
[EventCountry "DEN"]
[SourceTitle "EXT 2001"]
[Source "ChessBase"]
[SourceDate "2000.11.22"]
[SourceVersion "1"]
[SourceVersionDate "2000.11.22"]
[SourceQuality "1"]

1. c4 g6 2. Nc3 Bg7 3. g3 e5 4. Bg2 Nc6 5. e3 Nge7 6. Nge2 d6 7. 0-0 h5 8. d4 exd4 9. exd4 Nf5 10. Re1 Kf8 11. Ne4 Ncxd4 12. Bg5 Nxe2+ 13. Qxe2 f6 14. Bf4 g5 15. Bd2 Qe8 16. Qd3 Qf7 17. Re2 Bd7 18. Rae1 Re8 19. Nc3 Rxe2 20. Rxe2 Ne7 21. Nd5 Bf5 22. Qb3 Nxd5 23. Bxd5 Qd7 24. Qxb7 Bh6 25. Qxa7 Kg7 26. Bc3 Kg6 27. Qd4 Bg7 28. Be4 Rb8 29. b3 Bxe4 30. Qxe4+ f5 31. Qe6+ Qxe6 32. Rxe6+ Kf7 33. Re3 Bxc3 34. Rxc3 Ke6 35. Kf1 Ke5 36. Ke2 c6 37. Rd3 d5 38. cxd5 cxd5 39. Rd2 d4 40. Kd3 Kd5 41. Rc2 Ra8 42. a4 Rb8 43. Rb2 Rc8 44. a5 Rc3+ 45. Kd2 f4 46. gxf4 Rf3 47. Ke2 Rxf4 48. a6 Rf7 49. b4 Kc6 50. Ra2 Ra7 51. Ra5 Kb6 52. Kd3 g4 53. Rxh5 Rf7 54. Ra5 Ka7 55. Ra2 Rf3+ 56. Kxd4 Rf4+ 57. Kc5 Rf5+ 58. Kc6 Rf6+ 59. Kd7 Rb6 60. Ra4 Rh6 61. b5 Rb6 62. Rb4 Rb8 63. b6+ Kxa6 64. b7 1-0

[Event "Aarhus-ch"]
[Site "Aarhus"]
[Date "2000.??.??"]
[Round "3"]
[White "Pedersen, Bjarne"]
[Black "Hansen, Bjarne Guldberg"]
[Result "1-0"]
[WhiteElo "2164"]
[BlackElo "2194"]
[PlyCount "121"]
[EventDate "2000.02.??"]
[EventType "tourn"]
[EventRounds "7"]
[EventCountry "DEN"]
[SourceTitle "EXT 2001"]
[Source "ChessBase"]
[SourceDate "2000.11.22"]
[SourceVersion "1"]
[SourceVersionDate "2000.11.22"]
[SourceQuality "1"]

1. d4 Nf6 2. Nf3 g6 3. g3 c5 4. c3 b6 5. Bg2 Bb7 6. 0-0 Bg7 7. Re1 0-0 8. Nbd2 d5 9. Ne5 Nbd7 10. Ndf3 Rc8 11. Bf4 Ne4 12. Bh3 e6 13. Qa4 Nxe5 14. Bxe5 a5 15. Bxg7 Kxg7 16. Ne5 Rc7 17. Bg2 f6 18. Nf3 Qe7 19. Qb3 Rc6 20. Rad1 Nd6 21. Nd2 cxd4 22. cxd4 f5 23. Nf3 Qc7 24. Ne5 Rc2 25. Nd3 Rc4 26. Ne5 Rb4 27. Rc1 Qe7 28. Qc3 Rc8 29. Qd2 Nc4 30. Nxc4 Rcxc4 31. e3 a4 32. Bf1 Qd6 33. Bxc4 dxc4 34. d5 Qxd5 35. Qc3+ Kh6 36. e4 Qb5 37. a3 Rxb2 38. Qxc4 Bxe4 39. Qd4 Re2 40. Rxe2 Qxe2 41. Qxb6 Qg4 42. Qe3+ Kh5 43. f4 Bd5 44. Re1 Kh6 45. Qe2 Qh3 46. Rc1 Qh5 47. Qf1 Qg4 48. Rc7 g5 49. Qa1 e5 50. fxg5+ Kg6 51. Qxe5 Qd1+ 52. Kf2 Qd2+ 53. Qe2 Qd4+ 54. Qe3 Qb2+ 55. Ke1 Be4 56. h4 Qb3 57. h5+ Kxh5 58. Rxh7+ Kg6 59. Rh6+ Kf7 60. Qa7+ Bb7 61. Qxb7+ 1-0